| 000 | 01763nas a2200277Ia 4500 | ||
|---|---|---|---|
| 001 | R910-R9280 | ||
| 003 | IT-CnALBA | ||
| 008 | 170116c99999999xx |||||||||||| ||und|| | ||
| 040 |
_aIT-CnALBA _cIT-CnALBA |
||
| 041 | _aITALIANO | ||
| 100 | _aZANINI LUCA | ||
| 210 | _aATLANTE | ||
| 222 | _aATLANTE | ||
| 245 | 0 | _aATLANTE. NOVEMBRE 1987. ALLA SCOPERTA DEL MONDO. | |
| 250 | _a1a ed. | ||
| 260 |
_a NOVARA _bDE AGOSTINI ISTITUTO GEOGR. _c1987 [1° Ed.:1987 - Ed.Ling.Originale: 1987] |
||
| 300 | _a144 p. | ||
| 310 | _aMENSILE | ||
| 362 | _aFascicolo: 274 / Anno: 28 (1987) | ||
| 500 | _aITALIA, DOSSIER NATURA, FORESTE STORICHE. INDIA, PROGETTO TIGRE. GRECIA, TESORO DI AGAMENNONE. BELGIO, BRUGES ROMANTICO. GIORGIO ROSATO E DOMENICO VALENTINI, ESPLORATORI ITALIANI IN PERU''. PAESAGGIO UOMO E SPECCHIO RICORDI. S. BLAS, ANTILLE, DIO BABA. ITINERARIO ARTE OPAVIA, TESORO TRA BRUME PIANURA PADANA. COLORI DELLA COSTIERA TRIESTINA. SUL TRONO DI ZEUS IN CIMA ALL'OLIMPO. PARCHI, NUOVE AREE DA PROTEGGERE. TROCCHI TIBALDI R. TURRONI G. CAPOBUSSI M. TASSI F. CAPPON M. | ||
| 501 | _aSocietà San Paolo EM - Piazza San Paolo, 14 - 12051 ALBA (CN) (non commercial uses only) ® Copyright 2017 | ||
| 520 | _aITALIA, DOSSIER NATURA, FORESTE STORICHE. INDIA, PROGETTO TIGRE. GRECIA, TESORO DI AGAMENNONE. BELGIO, BRUGES ROMANTICO. GIORGIO ROSATO E DOMENICO VALENTINI, ESPLORATORI ITALIANI IN PERU''. PAESAGGIO UOMO E SPECCHIO RICORDI. S. BLAS, ANTILLE, DIO BABA. ITINERARIO ARTE OPAVIA, TESORO TRA BRUME PIANURA PADANA. COLORI DELLA COSTIERA TRIESTINA. SUL TRONO DI ZEUS IN CIMA ALL'OLIMPO. PARCHI, NUOVE AREE DA PROTEGGERE. TROCCHI TIBALDI R. TURRONI G. CAPOBUSSI M. TASSI F. CAPPON M. | ||
| 650 | _aGEOGRAFIA GENERALE | ||
| 942 | _cCR | ||
| 957 | _71 | ||
| 999 |
_a60847 _bNO _g1 _c327873 _d327873 |
||